000
00414nam a22001817a 4500
003
MPLRDC
005
20220104124103.0
008
210129b ||||| |||| 00| 0 eng d
082
_a
868.71 XLa
100
_a
徐流
245
_a
无尽的故事
_c
250
_a
初版
260
_a
_b
十方出版社
_c
1991
300
_b
平
490
_a
十方文库
650
_a
马华文学
942
_c
BK
_o
868.71 XLa
999
_c
16543
_d
16533